000 00824nam a22001937a 4500
999 _c2506
_d2506
003 AR-CdUCM
008 190304b ||||| |||| 00| 0 spa d
040 _aMUNICIPALIDAD PROVINCIAL DEL CUSCO
_cBIBLIOTECA MUNICIPAL DEL CUSCO
082 _a376.9 /
_bL44
100 _aLemke, Donald A.
_98915
245 _aEducación con programa de guía :
_bOrientación en América Latina /
260 _aBuenos Aires :
_bEdit,Guadalupe,
_c1972
300 _a293 paginas ;
_c22 cm.
505 _aContenido :Una mirada al pasado y al futuro --El adolescente a un mundo de cambios en Latinoamerica --Orientación y un enfoque longitudinal --Definiendo direcciones --Presentando a los alumnos y los profesores a la escuela ...
650 _aEducacion
_9460
650 _aProgramas escolares
_98916
942 _2ddc
_cLIBROS
945 _arjall